Les jeux PS1 les plus vendus - Statistiques

Statistiques générales
  • Ce quiz a été pris 84 fois
  • Le résultat moyen est 7 sur 16
Statistiques - réponses
Vendus Date de sortie Développeur Titre % Correct
6,82 million 1996 Naughty Dog Crash Bandicoot
82%
9,72 millions 1997 Square Final Fantasy VII
58%
7,58 millions 1997 Naughty Dog Crash Bandicoot 2
53%
10,95 millions 1998 Polyphony Digital Gran Turismo
51%
6,03 millions 1999 Kojima Productions Metal Gear Solid
51%
7,86 millions 1999 Square Final Fantasy VIII
50%
5,05 millions 1996 Capcom Resident Evil
50%
7,13 millions 1998 Naughty Dog Crash Bandicoot 3
49%
5,30 millions 2001 Square Final Fantasy IX
42%
7,16 millions 1998 Namco Tekken 3
39%
5,74 millions 1996 Namco Tekken 2
38%
5,82 millions 1998 Capcom Resident Evil 2
35%
5,24 millions 1997 Core Design Tomb Raider 2
31%
6,27 millions 1999 Reflections Driver
19%
5,02 millions 1999 Neversoft Tony Hawk's Skateboarding
13%
9,49 millions 1999 Polyphony Digital Gran Tourismo 2
4%
Aucun quiz correspondant
Distribution des résultats
% des personnes avec chaque résultat
Percentile par nombre de réponses
Votre historique - résultats
Vous n’avez pas pris ce quiz